KRAJE W KTÓRYCH JEST ZAWSZE CIEPŁO: - Statystyki

Ogólne statystyki
  • Ten quiz został rozwiązany 76 razy
  • Średni wynik to 3 z 6
Statystyki odpowiedzi
Odpowiedź % Poprawnych
HISZPANIA
76%
EGIPT
67%
GRECJA
59%
AUSTRALIA
48%
BRAZYLIA
48%
ARGENTYNA
38%
Nie znaleziono quizów pasujących do podanych kryteriów
Rozkład punktacji
Procent ludzi z każdym wynikiem
Percentyl według liczby udzielonych odpowiedzi
Twoja historia wyników
Nie rozwiązałeś tego quizu